Central Library OPAC University of Rajshahi

Cultural communication in India : (Record no. 35173)

MARC details
000 -LEADER
fixed length control field 00952nam a2200277 a 4500
001 - CONTROL NUMBER
control field 35173
003 - CONTROL NUMBER IDENTIFIER
rucl marc code BD-RjUL
005 - DATE AND TIME OF LATEST TRANSACTION
control field 20211209052255.0
008 - FIXED-LENGTH DATA ELEMENTS--GENERAL INFORMATION
fixed length control field 140521s1992 ii ab b 001 0 eng
020 ## - INTERNATIONAL STANDARD BOOK NUMBER
International Standard Book Number 8170223679
035 ## - SYSTEM CONTROL NUMBER
System control number (BD-RjUL)35267
040 ## - CATALOGING SOURCE
Original cataloging agency DLC
Transcribing agency DLC
Modifying agency DLC
-- BD-RjUL
Language of cataloging eng
041 ## - LANGUAGE CODE
Language code of text/sound track or separate title eng
082 00 - DEWEY DECIMAL CLASSIFICATION NUMBER
Classification number 302.23
Edition number 20
Author mark and year OJC 1992
100 1# - MAIN ENTRY--PERSONAL NAME
Personal name Ojha, J. M.,
Dates associated with a name 1928-
9 (RLIN) 107136
245 10 - TITLE STATEMENT
Title Cultural communication in India :
Remainder of title role and impact of phonograms /
Statement of responsibility, etc. J.M. Ojha.
260 ## - PUBLICATION, DISTRIBUTION, ETC. (IMPRINT)
Place of publication, distribution, etc. New Delhi :
Name of publisher, distributor, etc. Concept Pub. Co.,
Date of publication, distribution, etc. 1992.
300 ## - PHYSICAL DESCRIPTION
Pagination 168 p. :
Illustrations ill. ;
Size 23 cm.
504 ## - BIBLIOGRAPHY, ETC. NOTE
Bibliography, etc Includes bibliographical references (p. [161]-162) and index.
650 #0 - SUBJECT ADDED ENTRY--TOPICAL TERM
Topical term or geographic name as entry element Sound recording industry
General subdivision Social aspects
Geographic subdivision India.
9 (RLIN) 107137
Topical term or geographic name as entry element Sound recordings
General subdivision Social aspects
Geographic subdivision India.
9 (RLIN) 107138
942 ## - ADDED ENTRY ELEMENTS (KOHA)
Source of classification or shelving scheme Dewey Decimal Classification
Koha item type Books
Holdings
Lost status Source of classification or shelving scheme Damaged status Not for loan Collection code Permanent Location Current Location Shelving location Date acquired Source of acquisition Cost, normal purchase price Total Checkouts Full call number Date last seen Copy number Koha item type
  Dewey Decimal Classification     Non-fiction Central Library, University of Rajshahi Central Library, University of Rajshahi   29/12/1999 Dhaka, Paragon ent. Ltd. 172.81   302.23 OJC 1992 21/05/2014 C-2 Books
  Dewey Decimal Classification     Non-fiction Central Library, University of Rajshahi Central Library, University of Rajshahi   29/12/1999 Dhaka, Paragon ent. Ltd. 172.81   302.23 OJC 1992 21/05/2014 C-3 Books
  Dewey Decimal Classification   Not For Loan Non-fiction Central Library, University of Rajshahi Central Library, University of Rajshahi Reading Room 29/12/1999 Dhaka, Paragon Enterprises Ltd. 172.81   302.23 OJC 1992 21/05/2014 C-1 Books